| 000 | 00320nam a22001337a 4500 | ||
|---|---|---|---|
| 020 | _a9690018493 | ||
| 040 | _cNUST | ||
| 082 |
_a158 _bSEY |
||
| 100 |
_aFaiez Hassan (Seyal) _9124541 |
||
| 245 | _a Shahrah E Kamyabi | ||
| 260 |
_aPakistan: _bSaeed Book Bank, _c2004. |
||
| 650 | _2 Shahrah E Kamyabi | ||
| 942 |
_2ddc _cBK |
||
| 999 |
_c610490 _d610490 |
||